Christina, Chris, Christopher Quiz Stats

 Plays Quiz not verified by Sporcle

Challenge
Share
Tweet
Embed
Score 0/38 Timer 10:00
0 Plays Today
% Correct
Christopher Robin
95.2%
Christina Aguilera
91.7%
Christopher Reeve
91.7%
Christian Dior
90.5%
Christopher Columbus
88.1%
Chris Rock
85.7%
Christie Brinkley
85.7%
Kristi Yamaguchi
85.7%
Christina Applegate
85.7%
Christina Ricci
85.7%
Chris Evert
84.5%
Chris Farley
84.5%
Christopher Lloyd
84.5%
Christopher Plummer
83.3%
Chris Martin
82.1%
Christian Louboutin
78.6%
Christopher Walken
76.2%
Chris Noth
73.8%
Chris Hemsworth
72.6%
% Correct
Chris O'Donnell
72.6%
Christy Turlington
72.6%
Christine McVie
69%
Chris Isaak
67.9%
Christopher Lee
67.9%
Christopher Nolan
67.9%
Christopher Cross
66.7%
Christian Bale
65.5%
Christine Baranski
64.3%
Chris Columbus
63.2%
Chris Cornell
63.1%
Chris De Burgh
61.9%
Chris Kattan
61.9%
Christopher Guest
61.9%
Christine Lahti
58.3%
Chris O'Dowd
56%
Chris Elliott
53.6%
Christopher Titus
28.6%
Christina Rossetti
25%

You're not logged in!

Compare scores with friends on all Sporcle quizzes.
Join for Free
OR
Log In

You Might Also Like...

Show Comments

Extras

Top Quizzes Today


Score Distribution

Your Account Isn't Verified!

In order to create a playlist on Sporcle, you need to verify the email address you used during registration. Go to your Sporcle Settings to finish the process.

Report this User

Report this user for behavior that violates our Community Guidelines.

Details: